[Event "EYCC Open-U14 2019"]
[Site "Bratislava"]
[Date "2019.08.09"]
[Round "8.20"]
[White "Guz, Ari"]
[Black "Neumann, Filip"]
[Result "1-0"]
[WhiteElo "2165"]
[BlackElo "1982"]
[Annotator "NA"]
[PlyCount "69"]
[EventDate "2019.08.02"]
[EventType "swiss"]
[EventCountry "SVK"]
[SourceTitle "playchess.com"]
[Source "ChessBase"]
[SourceQuality "1"]
[TimeControl "40/5400+30:1800+30"]

1. c4 {[%emt 0:00:00]} e6 {[%emt 0:00:00]} 2. g3 {[%emt 0:00:00]} d5 {[%emt 0:00:00]} 3. Bg2 {[%emt 0:00:00]} Nf6 {[%emt 0:00:00]} 4. Nf3 {[%emt 0:00:00]} dxc4 {[%emt 0:00:06]} 5. Qa4+ {[%emt 0:00:07]} Nbd7 {[%emt 0:00:06]} 6. Qxc4 {[%emt 0:00:07]} c5 {[%emt 0:00:13]} 7. O-O {[%emt 0:00:14]} a6 {[%emt 0:00:52]} 8. Qc2 {[%emt 0:00:07]} b5 {[%emt 0:01:17]} 9. b3 {[%emt 0:15:06]} Bb7 {[%emt 0:01:11]} 10. Bb2 {[%emt 0:00:09]} Rc8 {[%emt 0:00:58]} 11. d3 {[%emt 0:00:56]} Be7 {[%emt 0:00:15]} 12. Nbd2 {[%emt 0:00:10]} O-O {[%emt 0:00:53]} 13. Rac1 {[%emt 0:02:31]} Nd5 {[%emt 0:08:17]} 14. Rfd1 {[%emt 0:02:43]} Bf6 {[%emt 0:01:33]} 15. Ne4 {[%emt 0:00:53]} Bxb2 {[%emt 0:04:38]} 16. Qxb2 {[%emt 0:00:02]} Qe7 {[%emt 0:01:55]} 17. Ne5 {[%emt 0:08:18]} N7f6 {[%emt 0:03:40]} 18. Nxf6+ {[%emt 0:09:07]} Nxf6 {[%emt 0:00:40]} 19. Bxb7 {[%emt 0:05:22]} Qxb7 {[%emt 0:00:12]} 20. d4 {[%emt 0:00:09]} cxd4 {[%emt 0:08:24]} 21. Qxd4 {[%emt 0:00:23]} h6 {[%emt 0:07:22]} 22. e3 {[%emt 0:07:10]} Qe4 {[%emt 0:08:41]} 23. Qxe4 {[%emt 0:03:35]} Nxe4 {[%emt 0:00:08]} 24. Rxc8 {[%emt 0:00:09]} Rxc8 {[%emt 0:00:10]} 25. Rd4 {[%emt 0:01:52]} Nc3 {[%emt 0:01:46]} 26. Rd6 {[%emt 0:02:58]} Nxa2 {[%emt 0:09:19]} 27. Rxa6 {[%emt 0:00:34]} Nc3 {[%emt 0:10:25]} 28. Ra7 {[%emt 0:03:32]} f6 {[%emt 0:01:09]} 29. Ng6 {[%emt 0:02:23]} Ne2+ {[%emt 0:12:57]} 30. Kf1 {[%emt 0:03:05]} Rc2 {[%emt 0:00:27]} 31. h4 {[%emt 0:03:26]} Nc1 {[%emt 0:06:15]} 32. h5 {[%emt 0:00:22]} e5 {[%emt 0:00:13]} 33. f4 {[%emt 0:01:37]} Nd3 {[%emt 0:07:15]} 34. f5 {[%emt 0:00:39]} Rf2+ {[%emt 0:01:47]} 35. Kg1 {[%emt 0:00:06]} 1-0

[Event "EYCC Open-U14 2019"]
[Site "Bratislava"]
[Date "2019.08.09"]
[Round "8.21"]
[White "Grzesik, Gracjan"]
[Black "Musyuk, Lior"]
[Result "0-1"]
[WhiteElo "2004"]
[BlackElo "2236"]
[Annotator "NA"]
[PlyCount "72"]
[EventDate "2019.08.02"]
[EventType "swiss"]
[EventCountry "SVK"]
[SourceTitle "playchess.com"]
[Source "ChessBase"]
[SourceQuality "1"]
[TimeControl "40/5400+30:1800+30"]

1. c4 {[%emt 0:00:00]} e5 {[%emt 0:00:00]} 2. Nc3 {[%emt 0:00:00]} Nf6 {[%emt 0:00:04]} 3. g3 {[%emt 0:00:00]} d5 {[%emt 0:00:20]} 4. cxd5 {[%emt 0:00:06]} Nxd5 {[%emt 0:00:11]} 5. Bg2 {[%emt 0:00:16]} Nb6 {[%emt 0:00:25]} 6. Nf3 {[%emt 0:00:38]} Nc6 {[%emt 0:00:22]} 7. d3 {[%emt 0:00:32]} Be7 {[%emt 0:00:33]} 8. O-O {[%emt 0:00:28]} O-O {[%emt 0:00:14]} 9. Be3 {[%emt 0:08:33]} Be6 {[%emt 0:01:40]} 10. a3 {[%emt 0:02:24]} a5 {[%emt 0:01:01]} 11. Rc1 {[%emt 0:04:31]} f5 {[%emt 0:01:56]} 12. Qc2 {[%emt 0:17:27]} f4 {[%emt 0:18:08]} 13. Bxb6 {[%emt 0:15:18]} cxb6 {[%emt 0:00:15]} 14. Qa4 {[%emt 0:06:39]} g5 {[%emt 0:12:27]} 15. Qe4 {[%emt 0:24:47]} Bf5 {[%emt 0:18:00]} 16. Qd5+ {[%emt 0:04:51]} Qxd5 {[%emt 0:00:24]} 17. Nxd5 {[%emt 0:00:02]} Bd8 {[%emt 0:00:29]} 18. Rfe1 {[%emt 0:06:21]} g4 {[%emt 0:11:03]} 19. Nd2 {[%emt 0:01:49]} Be6 {[%emt 0:05:34]} 20. Be4 {[%emt 0:01:34]} Rc8 {[%emt 0:04:02]} 21. e3 {[%emt 0:02:39]} fxe3 {[%emt 0:05:02]} 22. fxe3 {[%emt 0:00:15]} b5 {[%emt 0:00:39]} 23. Kg2 {[%emt 0:00:59]} Bg5 {[%emt 0:01:26]} 24. Nc3 {[%emt 0:01:09]} b4 {[%emt 0:03:50]} 25. Na4 {[%emt 0:00:36]} Ne7 {[%emt 0:02:20]} 26. Nc5 {[%emt 0:00:28]} Bd5 {[%emt 0:01:05]} 27. Nd7 {[%emt 0:00:30]} Rfd8 {[%emt 0:02:15]} 28. Nxe5 {[%emt 0:00:30]} Rxc1 {[%emt 0:00:55]} 29. Rxc1 {[%emt 0:00:02]} Bxe3 {[%emt 0:00:13]} 30. Rc7 {[%emt 0:01:00]} Bxd2 {[%emt 0:04:04]} 31. Rxe7 {[%emt 0:00:06]} Bxe4+ {[%emt 0:01:31]} 32. dxe4 {[%emt 0:00:01]} Bc3 {[%emt 0:02:52]} 33. bxc3 {[%emt 0:01:13]} bxa3 {[%emt 0:00:19]} 34. Rf7 {[%emt 0:00:41]} Rd2+ {[%emt 0:00:26]} 35. Kg1 {[%emt 0:00:25]} Rd1+ {[%emt 0:00:20]} 36. Kg2 {[%emt 0:00:30]} a2 {[%emt 0:00:21]} 0-1

[Event "EYCC Open-U14 2019"]
[Site "Bratislava"]
[Date "2019.08.09"]
[Round "8.22"]
[White "Vojta, Jakub"]
[Black "Poltorak, Sebastian"]
[Result "1/2-1/2"]
[WhiteElo "2238"]
[BlackElo "2068"]
[Annotator "NA"]
[PlyCount "86"]
[EventDate "2019.08.02"]
[EventType "swiss"]
[EventCountry "SVK"]
[SourceTitle "playchess.com"]
[Source "ChessBase"]
[SourceQuality "1"]
[TimeControl "40/5400+30:1800+30"]

1. e4 {[%emt 0:00:00]} c5 {[%emt 0:00:00]} 2. Nf3 {[%emt 0:00:00]} Nc6 {[%emt 0:00:00]} 3. d4 {[%emt 0:00:00]} cxd4 {[%emt 0:00:00]} 4. Nxd4 {[%emt 0:00:00]} Nf6 {[%emt 0:00:00]} 5. Nc3 {[%emt 0:00:00]} e5 {[%emt 0:00:06]} 6. Ndb5 {[%emt 0:00:00]} d6 {[%emt 0:00:09]} 7. Bg5 {[%emt 0:00:05]} a6 {[%emt 0:00:09]} 8. Na3 {[%emt 0:00:03]} b5 {[%emt 0:00:17]} 9. Nd5 {[%emt 0:00:04]} Be7 {[%emt 0:00:13]} 10. Bxf6 {[%emt 0:00:02]} Bxf6 {[%emt 0:00:11]} 11. c4 {[%emt 0:00:05]} b4 {[%emt 0:04:15]} 12. Nc2 {[%emt 0:00:05]} a5 {[%emt 0:02:44]} 13. g3 {[%emt 0:00:26]} O-O {[%emt 0:04:50]} 14. Bg2 {[%emt 0:01:03]} Be6 {[%emt 0:07:58]} 15. O-O {[%emt 0:08:24]} Rc8 {[%emt 0:03:07]} 16. b3 {[%emt 0:03:01]} Bxd5 {[%emt 0:04:34]} 17. Qxd5 {[%emt 0:03:18]} Nd4 {[%emt 0:02:50]} 18. Nxd4 {[%emt 0:00:34]} exd4 {[%emt 0:00:19]} 19. Qh5 {[%emt 0:00:43]} Rc5 {[%emt 0:01:02]} 20. Qd1 {[%emt 0:01:24]} Qb6 {[%emt 0:04:56]} 21. Qd3 {[%emt 0:02:27]} g6 {[%emt 0:04:06]} 22. f4 {[%emt 0:01:24]} Re8 {[%emt 0:02:35]} 23. Rae1 {[%emt 0:02:54]} Qa7 {[%emt 0:02:38]} 24. Kh1 {[%emt 0:03:54]} Qd7 {[%emt 0:05:15]} 25. h4 {[%emt 0:05:06]} h6 {[%emt 0:04:30]} 26. Kh2 {[%emt 0:03:01]} Kg7 {[%emt 0:02:32]} 27. Rf2 {[%emt 0:06:53]} Re7 {[%emt 0:08:40]} 28. Ref1 {[%emt 0:08:01]} Kh7 {[%emt 0:05:29]} 29. Qf3 {[%emt 0:03:54]} Qc8 30. Rd2 {[%emt 0:00:53]} Bg7 {[%emt 0:12:31]} 31. Qf2 {[%emt 0:08:10]} f5 {[%emt 0:03:00]} 32. exf5 {[%emt 0:04:33]} Qxf5 {[%emt 0:00:12]} 33. Rfd1 {[%emt 0:04:47]} Rcc7 {[%emt 0:04:43]} 34. Bf1 {[%emt 0:03:43]} Re3 {[%emt 0:02:26]} 35. Bd3 {[%emt 0:00:47]} Qc5 {[%emt 0:01:38]} 36. Re2 {[%emt 0:07:21]} Rce7 {[%emt 0:00:41]} 37. Rxe3 {[%emt 0:01:04]} Rxe3 {[%emt 0:00:20]} 38. g4 {[%emt 0:01:19]} h5 {[%emt 0:01:08]} 39. Qg2 {[%emt 0:06:00]} a4 {[%emt 0:07:55]} 40. g5 {[%emt 0:00:00]} axb3 {[%emt 0:00:00]} 41. axb3 {[%emt 0:02:27]} Qc8 {[%emt 0:02:51]} 42. Bb1 {[%emt 0:12:07]} Qe6 {[%emt 0:05:24]} 43. Bd3 {[%emt 0:00:39]} Qe7 {[%emt 0:03:35]} 1/2-1/2

[Event "EYCC Open-U14 2019"]
[Site "Bratislava"]
[Date "2019.08.09"]
[Round "8.23"]
[White "Razafindratsima, Timothe"]
[Black "Danaci, Ege"]
[Result "1-0"]
[WhiteElo "2178"]
[BlackElo "1976"]
[Annotator "NA"]
[PlyCount "79"]
[EventDate "2019.08.02"]
[EventType "swiss"]
[EventCountry "SVK"]
[SourceTitle "playchess.com"]
[Source "ChessBase"]
[SourceQuality "1"]
[TimeControl "40/5400+30:1800+30"]

1. e4 {[%emt 0:00:00]} c6 {[%emt 0:00:00]} 2. d4 {[%emt 0:00:00]} d5 {[%emt 0:00:07]} 3. Nc3 {[%emt 0:00:00]} dxe4 {[%emt 0:01:28]} 4. Nxe4 {[%emt 0:00:00]} Bf5 {[%emt 0:00:13]} 5. Ng3 {[%emt 0:00:00]} Bg6 {[%emt 0:01:02]} 6. Nh3 {[%emt 0:00:01]} e6 {[%emt 0:09:49]} 7. c3 {[%emt 0:02:20]} Nf6 {[%emt 0:12:28]} 8. Nf4 {[%emt 0:00:10]} Bd6 {[%emt 0:00:21]} 9. h4 {[%emt 0:00:09]} Nd5 {[%emt 0:03:16]} 10. Nxd5 {[%emt 0:05:42]} Bxg3 {[%emt 0:01:45]} 11. h5 {[%emt 0:01:08]} Be4 {[%emt 0:03:19]} 12. Ne3 {[%emt 0:01:14]} Bf4 {[%emt 0:04:52]} 13. Qg4 {[%emt 0:00:26]} Qf6 {[%emt 0:04:52]} 14. f3 {[%emt 0:24:23]} Bxe3 {[%emt 0:00:19]} 15. Bxe3 {[%emt 0:00:04]} Bf5 {[%emt 0:01:38]} 16. Qf4 {[%emt 0:00:31]} Nd7 {[%emt 0:11:26]} 17. g4 {[%emt 0:12:31]} Bc2 {[%emt 0:00:03]} 18. Rh2 {[%emt 0:00:41]} Qxf4 {[%emt 0:01:13]} 19. Bxf4 {[%emt 0:00:16]} Ba4 {[%emt 0:00:01]} 20. c4 {[%emt 0:10:26]} c5 {[%emt 0:07:00]} 21. d5 {[%emt 0:00:52]} Nb6 {[%emt 0:03:04]} 22. b3 {[%emt 0:03:45]} Bd7 {[%emt 0:00:26]} 23. Bd6 {[%emt 0:00:07]} exd5 {[%emt 0:09:53]} 24. cxd5 {[%emt 0:00:51]} O-O-O {[%emt 0:01:04]} 25. Rc2 {[%emt 0:06:34]} Nxd5 {[%emt 0:03:01]} 26. Rxc5+ {[%emt 0:00:41]} Bc6 {[%emt 0:00:12]} 27. Bg3 {[%emt 0:00:15]} Nb4 {[%emt 0:03:20]} 28. Rc3 {[%emt 0:01:07]} Rhe8+ {[%emt 0:00:16]} 29. Kf2 {[%emt 0:00:12]} Rd2+ {[%emt 0:01:43]} 30. Kg1 {[%emt 0:00:06]} Rxa2 {[%emt 0:08:27]} 31. Rd1 {[%emt 0:01:04]} Rc2 {[%emt 0:00:29]} 32. Rxc2 {[%emt 0:00:24]} Nxc2 {[%emt 0:00:02]} 33. g5 {[%emt 0:00:28]} Ne3 {[%emt 0:00:56]} 34. Bh3+ {[%emt 0:00:09]} Re6 {[%emt 0:00:27]} 35. Re1 {[%emt 0:02:36]} Nc2 {[%emt 0:00:51]} 36. g6 {[%emt 0:02:04]} hxg6 {[%emt 0:02:08]} 37. hxg6 {[%emt 0:01:16]} Kd8 {[%emt 0:01:46]} 38. Bh4+ {[%emt 0:01:40]} Kc7 {[%emt 0:02:28]} 39. gxf7 {[%emt 0:04:14]} Rg6+ {[%emt 0:00:25]} 40. Kf2 {[%emt 0:00:00]} 1-0

[Event "EYCC Open-U14 2019"]
[Site "Bratislava"]
[Date "2019.08.09"]
[Round "8.24"]
[White "Unneland, Mathias"]
[Black "Bochnicka, Vladimir"]
[Result "0-1"]
[WhiteElo "1966"]
[BlackElo "2169"]
[Annotator "NA"]
[PlyCount "52"]
[EventDate "2019.08.02"]
[EventType "swiss"]
[EventCountry "SVK"]
[SourceTitle "playchess.com"]
[Source "ChessBase"]
[SourceQuality "1"]
[TimeControl "40/5400+30:1800+30"]

1. d4 {[%emt 0:00:00]} d5 {[%emt 0:00:00]} 2. c4 {[%emt 0:00:00]} dxc4 {[%emt 0:00:00]} 3. Nf3 {[%emt 0:00:00]} Nf6 {[%emt 0:00:00]} 4. e3 {[%emt 0:00:00]} e6 {[%emt 0:00:00]} 5. Bxc4 {[%emt 0:00:00]} c5 {[%emt 0:00:00]} 6. O-O {[%emt 0:00:12]} a6 {[%emt 0:00:00]} 7. Bb3 {[%emt 0:00:20]} b5 {[%emt 0:00:27]} 8. a4 {[%emt 0:01:08]} Bb7 {[%emt 0:00:33]} 9. axb5 {[%emt 0:01:02]} axb5 {[%emt 0:01:41]} 10. Rxa8 {[%emt 0:00:19]} Bxa8 {[%emt 0:00:05]} 11. Qe2 {[%emt 0:14:42]} Nbd7 {[%emt 0:36:54]} 12. Qxb5 {[%emt 0:14:07]} Bxf3 {[%emt 0:00:49]} 13. gxf3 {[%emt 0:00:17]} cxd4 {[%emt 0:00:09]} 14. Rd1 {[%emt 0:03:39]} Bd6 {[%emt 0:00:47]} 15. Rxd4 {[%emt 0:06:33]} Qe7 {[%emt 0:04:07]} 16. Ba4 {[%emt 0:09:13]} O-O {[%emt 0:10:30]} 17. Qc6 {[%emt 0:02:57]} Bb8 {[%emt 0:00:07]} 18. Bd2 {[%emt 0:07:54]} Ne5 {[%emt 0:01:15]} 19. Qb6 {[%emt 0:03:38]} Nd5 {[%emt 0:03:59]} 20. Rxd5 {[%emt 0:01:40]} exd5 {[%emt 0:00:09]} 21. Bb4 {[%emt 0:01:54]} Nxf3+ {[%emt 0:12:55]} 22. Kf1 {[%emt 0:01:20]} Qe4 {[%emt 0:00:11]} 23. Bxf8 {[%emt 0:05:17]} Qc4+ {[%emt 0:01:26]} 24. Kg2 {[%emt 0:00:06]} Ne1+ {[%emt 0:00:08]} 25. Kg1 {[%emt 0:00:52]} Bxh2+ {[%emt 0:01:43]} 26. Kxh2 {[%emt 0:00:08]} Qg4 {[%emt 0:00:13]} 0-1

[Event "EYCC Open-U14 2019"]
[Site "Bratislava"]
[Date "2019.08.09"]
[Round "8.25"]
[White "Vaupot, Luka"]
[Black "Shoshin, Kirill"]
[Result "1-0"]
[WhiteElo "1939"]
[BlackElo "2089"]
[Annotator "NA"]
[PlyCount "89"]
[EventDate "2019.08.02"]
[EventType "swiss"]
[EventCountry "SVK"]
[SourceTitle "playchess.com"]
[Source "ChessBase"]
[SourceQuality "1"]
[TimeControl "40/5400+30:1800+30"]

1. d4 {[%emt 0:00:00]} Nf6 {[%emt 0:00:00]} 2. c4 {[%emt 0:00:00]} e6 {[%emt 0:00:00]} 3. Nf3 {[%emt 0:00:00]} d5 {[%emt 0:00:00]} 4. g3 {[%emt 0:00:00]} dxc4 {[%emt 0:00:03]} 5. Bg2 {[%emt 0:00:00]} a6 {[%emt 0:00:13]} 6. a4 {[%emt 0:08:53]} Nc6 {[%emt 0:05:25]} 7. O-O {[%emt 0:06:35]} Rb8 {[%emt 0:02:35]} 8. a5 {[%emt 0:01:36]} b5 {[%emt 0:01:39]} 9. axb6 {[%emt 0:00:19]} cxb6 {[%emt 0:00:04]} 10. Bf4 {[%emt 0:00:52]} Bd6 {[%emt 0:13:30]} 11. Ne5 {[%emt 0:04:14]} Nb4 {[%emt 0:02:43]} 12. Bd2 {[%emt 0:13:48]} Bd7 {[%emt 0:17:28]} 13. Nxc4 {[%emt 0:07:00]} Bb5 {[%emt 0:02:27]} 14. Nxd6+ {[%emt 0:02:45]} Qxd6 {[%emt 0:00:07]} 15. Bf4 {[%emt 0:00:12]} Qd8 {[%emt 0:00:39]} 16. Bxb8 {[%emt 0:00:06]} Qxb8 {[%emt 0:00:01]} 17. Nc3 {[%emt 0:01:08]} Bd7 {[%emt 0:01:01]} 18. Qb3 {[%emt 0:06:16]} Qd6 {[%emt 0:00:22]} 19. Rfd1 {[%emt 0:00:41]} O-O {[%emt 0:00:30]} 20. e4 {[%emt 0:00:30]} Qe7 {[%emt 0:00:35]} 21. e5 {[%emt 0:06:53]} Ng4 {[%emt 0:02:11]} 22. Ne4 {[%emt 0:03:01]} a5 {[%emt 0:01:12]} 23. Nd6 {[%emt 0:03:16]} f6 {[%emt 0:00:18]} 24. Nc4 {[%emt 0:03:34]} fxe5 {[%emt 0:01:13]} 25. Nxe5 {[%emt 0:01:24]} Nxe5 {[%emt 0:04:14]} 26. dxe5 {[%emt 0:00:04]} Qf7 {[%emt 0:02:58]} 27. Rd2 {[%emt 0:04:10]} Bc6 {[%emt 0:00:57]} 28. Bxc6 {[%emt 0:01:35]} Nxc6 {[%emt 0:00:06]} 29. Qe3 {[%emt 0:00:04]} Qf5 {[%emt 0:00:39]} 30. f4 {[%emt 0:03:43]} Nb4 {[%emt 0:05:07]} 31. Qxb6 {[%emt 0:03:39]} Nd5 {[%emt 0:00:07]} 32. Qxa5 {[%emt 0:01:32]} Qg4 {[%emt 0:01:17]} 33. Rxd5 {[%emt 0:01:10]} exd5 {[%emt 0:00:09]} 34. Qxd5+ {[%emt 0:00:01]} Kh8 {[%emt 0:00:02]} 35. Ra8 {[%emt 0:00:09]} Qf5 {[%emt 0:00:50]} 36. Rxf8+ {[%emt 0:00:12]} Qxf8 {[%emt 0:00:02]} 37. Qd6 {[%emt 0:03:06]} Qc8 {[%emt 0:00:10]} 38. e6 {[%emt 0:00:57]} Qc1+ {[%emt 0:00:11]} 39. Kg2 {[%emt 0:00:02]} Qc2+ {[%emt 0:00:44]} 40. Kh3 {[%emt 0:00:00]} h5 {[%emt 0:00:00]} 41. Qf8+ {[%emt 0:00:20]} Kh7 {[%emt 0:00:33]} 42. e7 {[%emt 0:00:11]} Qd3 {[%emt 0:02:57]} 43. e8=Q {[%emt 0:00:33]} Qf1+ {[%emt 0:00:09]} 44. Kh4 {[%emt 0:00:04]} g5+ {[%emt 0:00:06]} 45. Kxg5 {[%emt 0:00:37]} 1-0

[Event "EYCC Open-U14 2019"]
[Site "Bratislava"]
[Date "2019.08.09"]
[Round "8.26"]
[White "Dzida, Kamil"]
[Black "Wernberg, Hugo"]
[Result "0-1"]
[WhiteElo "1987"]
[BlackElo "1963"]
[Annotator "NA"]
[PlyCount "120"]
[EventDate "2019.08.02"]
[EventType "swiss"]
[EventCountry "SVK"]
[SourceTitle "playchess.com"]
[Source "ChessBase"]
[SourceQuality "1"]
[TimeControl "40/5400+30:1800+30"]

1. e4 {[%emt 0:00:00]} c5 {[%emt 0:00:00]} 2. Nf3 {[%emt 0:00:00]} d6 {[%emt 0:00:00]} 3. d4 {[%emt 0:00:00]} cxd4 {[%emt 0:00:00]} 4. Nxd4 {[%emt 0:00:00]} Nf6 {[%emt 0:00:00]} 5. Nc3 {[%emt 0:00:00]} a6 {[%emt 0:00:03]} 6. Be3 {[%emt 0:00:00]} e6 {[%emt 0:00:31]} 7. g4 {[%emt 0:00:47]} e5 {[%emt 0:00:52]} 8. Nf5 {[%emt 0:00:04]} g6 {[%emt 0:00:29]} 9. Bg2 {[%emt 0:01:03]} gxf5 {[%emt 0:05:42]} 10. exf5 {[%emt 0:00:03]} Rg8 {[%emt 0:05:15]} 11. h3 {[%emt 0:05:00]} Nc6 {[%emt 0:05:46]} 12. Bf3 {[%emt 0:19:38]} d5 {[%emt 0:14:09]} 13. Nxd5 {[%emt 0:09:47]} Nxd5 {[%emt 0:00:51]} 14. Bxd5 {[%emt 0:03:43]} Qa5+ {[%emt 0:16:30]} 15. c3 {[%emt 0:03:08]} Qb5 {[%emt 0:09:21]} 16. Bb3 {[%emt 0:19:00]} Be7 {[%emt 0:10:19]} 17. a4 {[%emt 0:20:04]} Qa5 {[%emt 0:00:46]} 18. Qd3 {[%emt 0:00:13]} Nd4 {[%emt 0:07:52]} 19. Bxd4 {[%emt 0:00:57]} exd4 {[%emt 0:00:27]} 20. O-O-O {[%emt 0:00:35]} Qb6 {[%emt 0:09:26]} 21. Qc4 {[%emt 0:03:17]} Rg7 {[%emt 0:01:45]} 22. Rhe1 {[%emt 0:01:35]} Bd7 {[%emt 0:03:20]} 23. Qxd4 {[%emt 0:00:53]} Qxd4 {[%emt 0:00:41]} 24. Rxd4 {[%emt 0:00:05]} f6 {[%emt 0:00:47]} 25. Rd6 {[%emt 0:06:42]} O-O-O {[%emt 0:00:59]} 26. Rd3 {[%emt 0:01:18]} Bc6 {[%emt 0:01:18]} 27. Rxd8+ {[%emt 0:00:25]} Bxd8 {[%emt 0:00:51]} 28. Bd1 {[%emt 0:00:27]} Re7 {[%emt 0:00:43]} 29. Re3 {[%emt 0:01:40]} Rxe3 {[%emt 0:00:35]} 30. fxe3 {[%emt 0:00:04]} Kd7 {[%emt 0:00:47]} 31. Kd2 {[%emt 0:00:24]} Kd6 {[%emt 0:00:20]} 32. Kd3 {[%emt 0:00:22]} b5 {[%emt 0:00:30]} 33. axb5 {[%emt 0:00:17]} axb5 {[%emt 0:00:14]} 34. Be2 {[%emt 0:00:44]} Ke5 {[%emt 0:00:57]} 35. b4 {[%emt 0:00:46]} Bb6 {[%emt 0:03:21]} 36. Bf1 {[%emt 0:00:19]} h6 {[%emt 0:00:28]} 37. Kd2 {[%emt 0:00:29]} Kd6 {[%emt 0:00:20]} 38. Kd3 {[%emt 0:00:39]} Ke7 {[%emt 0:00:17]} 39. Kd2 {[%emt 0:00:50]} Kd8 {[%emt 0:00:17]} 40. Kd3 {[%emt 0:00:00]} Kd7 {[%emt 0:00:00]} 41. Kd2 {[%emt 0:01:32]} Bc7 {[%emt 0:06:14]} 42. Kd3 {[%emt 0:01:01]} Bd6 {[%emt 0:00:54]} 43. Kd2 {[%emt 0:04:04]} Be5 {[%emt 0:00:42]} 44. Kc2 {[%emt 0:00:33]} Be4+ {[%emt 0:00:58]} 45. Bd3 {[%emt 0:02:17]} Bc6 {[%emt 0:00:30]} 46. Bf1 Kc7 {[%emt 0:00:21]} 47. Kd2 {[%emt 0:00:32]} Kb6 {[%emt 0:00:15]} 48. Kc2 {[%emt 0:00:35]} Be4+ {[%emt 0:00:27]} 49. Kb3 {[%emt 0:00:47]} Bd5+ {[%emt 0:02:17]} 50. Kc2 {[%emt 0:01:35]} Bg3 {[%emt 0:00:29]} 51. Kd2 {[%emt 0:00:42]} Be4 {[%emt 0:01:36]} 52. Ke2 {[%emt 0:01:47]} Be5 {[%emt 0:00:25]} 53. Kd2 {[%emt 0:00:08]} Kc6 {[%emt 0:00:26]} 54. c4 {[%emt 0:00:23]} bxc4 {[%emt 0:00:22]} 55. Bxc4 {[%emt 0:00:04]} Bg2 {[%emt 0:00:42]} 56. Ke2 {[%emt 0:01:30]} Bd6 {[%emt 0:01:20]} 57. b5+ {[%emt 0:00:40]} Kc5 {[%emt 0:01:20]} 58. Bd3 {[%emt 0:00:08]} Bg3 {[%emt 0:01:46]} 59. Kd2 {[%emt 0:01:41]} Bxh3 {[%emt 0:01:40]} 60. Be2 {[%emt 0:00:02]} Bg2 {[%emt 0:00:42]} 0-1

[Event "EYCC Open-U14 2019"]
[Site "Bratislava"]
[Date "2019.08.09"]
[Round "8.27"]
[White "Liu, Casper"]
[Black "Briem, Benedikt"]
[Result "1-0"]
[WhiteElo "2194"]
[BlackElo "1901"]
[Annotator "NA"]
[PlyCount "56"]
[EventDate "2019.08.02"]
[EventType "swiss"]
[EventCountry "SVK"]
[SourceTitle "playchess.com"]
[Source "ChessBase"]
[SourceQuality "1"]
[TimeControl "40/5400+30:1800+30"]

1. e4 {[%emt 0:00:00]} e6 {[%emt 0:00:00]} 2. Nf3 {[%emt 0:00:00]} d5 {[%emt 0:00:03]} 3. Nc3 {[%emt 0:00:00]} Nf6 {[%emt 0:00:29]} 4. e5 {[%emt 0:00:00]} Nfd7 {[%emt 0:00:18]} 5. d4 {[%emt 0:00:00]} c5 {[%emt 0:00:11]} 6. dxc5 {[%emt 0:00:00]} Bxc5 {[%emt 0:02:46]} 7. Bd3 {[%emt 0:00:00]} a6 {[%emt 0:03:32]} 8. Bf4 {[%emt 0:01:50]} Nc6 {[%emt 0:02:45]} 9. a3 {[%emt 0:01:55]} b5 {[%emt 0:01:29]} 10. Qe2 {[%emt 0:01:14]} Qc7 {[%emt 0:02:51]} 11. Bg3 {[%emt 0:01:24]} Nb6 {[%emt 0:02:52]} 12. O-O {[%emt 0:02:52]} Bb7 {[%emt 0:04:21]} 13. Rfd1 {[%emt 0:04:15]} O-O-O {[%emt 0:02:26]} 14. a4 {[%emt 0:02:21]} b4 {[%emt 0:02:59]} 15. a5 {[%emt 0:03:21]} Nxa5 {[%emt 0:08:44]} 16. Rxa5 {[%emt 0:08:21]} Nc4 {[%emt 0:02:07]} 17. Rxc5 {[%emt 0:02:31]} Qxc5 {[%emt 0:00:13]} 18. Na4 {[%emt 0:01:17]} Qc7 {[%emt 0:06:22]} 19. b3 {[%emt 0:00:56]} Na3 {[%emt 0:00:17]} 20. Bf4 {[%emt 0:06:09]} a5 {[%emt 0:06:21]} 21. Be3 {[%emt 0:00:34]} d4 {[%emt 0:02:38]} 22. Bxd4 {[%emt 0:00:28]} Bxf3 {[%emt 0:03:08]} 23. Qxf3 {[%emt 0:00:26]} Rxd4 {[%emt 0:04:24]} 24. Bc4 {[%emt 0:00:11]} Kd8 {[%emt 0:01:01]} 25. Ba6 {[%emt 0:00:04]} Ke7 {[%emt 0:00:12]} 26. Rxd4 {[%emt 0:02:52]} Rd8 {[%emt 0:01:00]} 27. Rxd8 {[%emt 0:00:07]} Qxd8 {[%emt 0:00:50]} 28. Qb7+ {[%emt 0:00:05]} Ke8 {[%emt 0:00:14]} 1-0